00415nam a2200145Ia 4500020001500000082001700015100001800032245004100050260002800091300001400119440005500133650003200188650002700220700002200247 a0415172977 a954.04 TAN-; aTan, Tai Yong 0aAftermath of partition in South Asia aLondonbRoutledgec2000 axiv, 322p aRoutledge studies in the modern history of Asia; 3 aINDIA - HISTORY - PARTITION aINDIA - HISTORY - 1947 aKudaisya, Gyanesh